Kraje w Kalendarzu Grand Prix na Żużlu 2024 - Statystyki

Ogólne statystyki
  • Ten quiz został rozwiązany 168 razy
  • Średni wynik to 10 z 11
Statystyki odpowiedzi
Runda Kraj % Poprawnych
2 Polska I
100%
6 Polska II
100%
8 Polska III
100%
11 Polska IV
100%
3 Niemcy
98%
5 Szwecja
92%
10 Dania
90%
7 Wielka Brytania
87%
4 Czechy
83%
1 Chorwacja
76%
9 Łotwa
74%
Nie znaleziono quizów pasujących do podanych kryteriów
Rozkład punktacji
Procent ludzi z każdym wynikiem
Percentyl według liczby udzielonych odpowiedzi
Twoja historia wyników
Nie rozwiązałeś tego quizu